1377 1180 1717 1978 1603 1952 1971 1406 1398 1991 1589 1845 1188 1734 1009 1724 1336 1369 1047 1653 1987 1323 1975 1904 1391 1545 1769 1217 1657 1066 1203 1052 1695 1592 1768 1392 1849 1712 1446 1195 1509 1817 1130 1234 1985 1453 1090 1727 1928 1527 1564 1450 1636 1236 1776 1918 1172 1562 1768 1091 1095 1940 1050 1971 1986 1673 1417 1962 1285 1134 1630 1346 1786 1106 1704 1304 1742 1986 1910 1770 1453 1443 1567 1923 1604 1913 1108 1036 1166 1446 1340 1669 1994 1874 1610 1798 1086 1933 1647 BCNSPRNW ULIB Ver.6.0+V

เปลี่ยนเป็นภาษาไทย

Change to English
 แสดงรายละเอียดบรรณานุกรม
  กลับหน้าหลัก

Brief Record : Get Marc (ISO 2709) : E-mail record : QR code < ปิดหน้าต่าง
LEADER : 00000nam 2200000uu 4500
001    13399113551
003     ULIB
008    111125s2553||||th 000 0 tha d
020    ^a9786167057194
090    ^aนว.^bฟ319ล 2553
100 0  ^aฟ้าใส ไอรดา
245 00 ^aเล่ห์ซาตาน มารหัวใจ/^cฟ้าใส ไอรดา
260    ^aกรุงเทพฯ :^bSimply Book,^c2553
300    ^a223 หน้า
945    ^p165^l0^i17057
995    ^aเกษร
999    ^aใช้งานได้ทุกระบบ
รายการนี้ยังไม่มีแท็ก
คุณยังไม่ได้ล็อกอิน คุณสามารถมีกิจกรรมร่วมกับเว็บไซต์ได้ แต่ต้องล็อกอินก่อน ::
  ล็อกอิน

รายการสื่อสารสนเทศ

ลำดับที่ ประเภท เลขเรียก/บาร์โค้ด สถานที่ สถานะ
1. วิทยาศาสตร์การแพทย์ และสุขภาพ
วิทยาศาสตร์การแพทย์ และสุขภาพ
นว. ฟ319ล 2553  
  Barcode: 17057
ห้องสมุดวิทยาเขตสวรรค์ประชารักษ์
►นวนิยาย
บนชั้น
  ขอยืม

รายการใกล้เคียง
    ผู้แต่ง [ฟ้าใส ไอรดา]

BibComment


ยังไม่เคยถูกคอมเมนท์

คอมเมนท์ทรัพยากรรายการนี้
  คอมเมนท์: เล่ห์ซาตาน มารหั..


 Copyright 2026. Bcnsprnw @Library